Procesné lehoty ako prostriedok odstránenia prieťahov v konaní, v kontexte práva na spravodlivé súdne konanie

Základné princípy právneho štátu. Právo na spravodlivý proces a otázka primeranosti dĺžky konania. Princípy spravodlivosti a rýchlosti súdneho konania. Prieťahy v súdnom konaní.

Gespeichert in:
Bibliographische Detailangaben
1. Verfasser: Ondrová, Júlia
Format: Buchkapitel
Sprache:Slowakisch
Schlagworte:
Tags: Tag hinzufügen
Keine Tags, Fügen Sie das erste Tag hinzu!

MARC

LEADER 00000naa a2200000 4500
001 0278843
005 20211001104959.3
041 0 |a slo 
044 |a SK 
245 1 0 |a Procesné lehoty ako prostriedok odstránenia prieťahov v konaní, v kontexte práva na spravodlivé súdne konanie  |c Júlia Ondrová 
520 |a Základné princípy právneho štátu. Právo na spravodlivý proces a otázka primeranosti dĺžky konania. Princípy spravodlivosti a rýchlosti súdneho konania. Prieťahy v súdnom konaní. 
610 2 0 |a súdy 
610 2 0 |a právo 
610 2 0 |a štát právny 
610 2 0 |a predpisy právne 
610 2 0 |a ochrana právna 
610 2 0 |a legislatíva 
100 1 |a Ondrová, Júlia